000 00948cab a2200265 4500
001 ABS55984
008 090401t1996 xxu||||| |||| 00| 0 eng d
035 _a(Sirsi) u20266
041 _aeng
100 _aMcIntyre, O.
245 4 _aThe Environment Act 1995 - an outline of the contaminated land provisions
260 _c1996
350 _a0
490 _aJournal of Property Development
_v1(1) June 1996, 5-9(5)
520 _aExamines how the Environment Act 1995 attempts to rectify the deficiencies of the Environmental Protection Act 1990 s143 which deals with the problem of contaminated land.
650 _aCONTAMINATED LAND
650 _aENVIRONMENT ACT 1995
650 _aENVIRONMENTAL PROTECTION ACT 1990 S143
650 _aENVIRONMENTAL PROTECTION ACT 1990 S78
650 _aREMEDIATION
650 _aWATER RESOURCES ACT 1991 S161
690 _aENVIRONMENTAL AND LAND CONSULTANCY
942 _n0
948 _c04/03/1997
999 _c13579
_d13579